000 00823cab a2200241 4500
001 WB2825-21
008 090401t1992 xxu||||| |||| 00| 0 eng d
035 _a(Sirsi) u43801
041 _aeng
245 _aLondon restaurant rent rises slowing
260 _c1992
350 _a0
490 _aChartered Surveyor Weekly
_v39 (13) 25 June 1992, 6(1)
520 _aAccording to the results of a recent survey carried out by Kemsley Whiteley & Ferris the rate of increase in the rents of London restaurants continues to decline. These findings are based on new lettings and rent reviews.
650 _aLONDON
650 _aNEW LETTINGS
650 _aRATE OF INCREASE
650 _aRENT REVIEWS
650 _aRESTAURANTS
690 _aLANDLORD AND TENANT-BUSINESS TENANCIES
942 _n0
948 _c04/03/1997
999 _c27918
_d27918